00440 2200169 4500001002100000008004100021035002000062245004500082100001800127260003500145300001200180020001700192084001400209082000800223650002000231990001900251INLIS000000000001359 ind  a0010-0724001359 aSistem Pendidikan NasionalcAang Sonhaji aSonhaji, Aang aBandungbGaza Publishingc2009 a56 hlm. a602-813-00-5 a611 AAN s a611 aAnatomi Manusia aP29/CP/24/1359